Statistiken für Die 500 wichtigsten deutschen Wörter

Klicken Sie hier um das Quiz zu spielen!

Allgemein

  • Dieses Quiz wurde 277 mal gespielt
  • Das Durchschnittsergebnis liegt bei 160 aus 500

Antwortstatistiken

Wort% Korrekt
20er
98%
14es
97%
10sie; Sie
97%
1der / die / das
94%
52du
92%
31wir
91%
28wie
91%
26ihr
91%
94wo
91%
8ich
90%
36sein (Pronomen)
89%
35da
89%
3sein (Verb)
89%
173wer
86%
39was
85%
5ein
84%
2und
84%
27ja
84%
21so
83%
19an
82%
390ab
81%
120nein
80%
267na
79%
7haben
79%
16auf
79%
6zu
78%
4in
77%
69gehen
75%
246warum
74%
53mein
74%
34man
73%
13mit
73%
30oder
72%
108Tag
72%
23können
72%
159Haus
71%
38nach
71%
128ob
71%
83uns
71%
85unter
70%
29bei
70%
55vor
69%
225dein
69%
17 | 41aus
69%
32aber
68%
48über
68%
81sehen
68%
312je
67%
248laufen
67%
80neu
67%
74groß
67%
78gut
66%
12nicht
66%
314zehn
64%
101drei
64%
77zwei
64%
114klein
64%
65wollen
64%
140tun
64%
60viel
64%
57geben
64%
46sagen
64%
106Kind
63%
426her
63%
272fünf
63%
195vier
63%
49machen
63%
25als
63%
404ach
61%
408sechs
61%
146Land
61%
103Frau
61%
51Jahr
61%
9werden
61%
42all
60%
167Arbeit
60%
196nie
60%
64mir
60%
152Frage
59%
116alt
59%
18für
59%
11von
59%
490Auto
58%
220Leben
58%
168leben
58%
95lang
57%
208Schule
57%
232dir
57%
43wenn
56%
58mehr
56%
260Weg
56%
90Zeit
56%
186Stadt
56%
84weil
56%
45müssen
55%
99unser
54%
47um
54%
22dass
54%
169fahren
54%
212dich
54%
105deutsch; Deutsch
54%
131Mann
54%
73bis
54%
311Morgen
54%
458acht
53%
50kein
53%
164schön
52%
33dann
52%
54schon
52%
71hier
51%
227Mutter
51%
216Vater
51%
102wenig
51%
76Mal; mal
51%
63sollen
50%
332schlecht
50%
304Monat
50%
179Hand
50%
86denn
50%
345Zahl
50%
121heute
49%
205kurz
49%
139nehmen
49%
323lesen
49%
134dort
49%
243Wort
49%
75wieder
49%
119ohne
49%
184jung
49%
88jed-
49%
67mich
48%
118liegen
47%
15sich
47%
122weit
47%
249Geld
47%
104Mensch
47%
24dies-
47%
142dürfen
46%
297Wasser
46%
500Spiel
46%
68immer
46%
37noch
46%
61kommen
46%
44nur
46%
72doch
46%
129hoch
45%
244neben
45%
295Buch
45%
209Woche
45%
175fragen
45%
347nah(e)
45%
79wissen
44%
190Welt
44%
110finden
44%
203lernen
44%
335Nacht
44%
87stehen
44%
124denken
44%
381rot
43%
157sprechen
43%
245schreiben
43%
66ganz
43%
355Straße
43%
70sehr
42%
62jetzt
42%
327Freund
41%
160Fall
41%
126erst
41%
153gar
41%
356reden
41%
177wichtig
41%
288hinter
40%
197spielen
40%
200arbeiten
40%
451schwarz
40%
313Abend
40%
236Auge
39%
215oft
39%
141seit
39%
171spät
39%
100oben
38%
256schwer
38%
82lassen
38%
400Tür
38%
379jen-
37%
56durch
37%
270Name
37%
204Ende
37%
322früh
37%
151mögen
37%
349Uhr
36%
279Kopf
36%
285leicht
36%
219halt
36%
274wegen
36%
261sitzen
36%
93ihn
36%
117gegen
36%
474manch-
36%
318frei
36%
448Sohn
35%
361Minute
35%
383Ort
35%
475bald
34%
494Tisch
34%
172etwa
34%
92ihm
34%
138welch-
34%
112bleiben
34%
235gern(e)
34%
298Stelle
34%
374best-
33%
144halten
32%
262Stunde
32%
293suchen
32%
201brauchen
31%
406helfen
31%
292weiter
31%
357voll
31%
148gleich
31%
308tragen
31%
143glauben
31%
333Euro
31%
107etwas
30%
211richtig
30%
188Teil
30%
377Anfang
30%
296legen
30%
489Gott
30%
255klar
29%
411halb
29%
98selbst, selber
29%
433Lehrer
29%
351Eltern
29%
251Sache
29%
162bringen
29%
231besser
29%
133vielleicht
29%
170meinen
29%
181kennen
29%
199Recht
29%
109nun
29%
192stellen
28%
324Staat
28%
111nichts
28%
394manchmal
28%
419fühlen
28%
350dessen
28%
337Ding
28%
380wohnen
27%
40also
27%
233schnell
27%
470schauen
27%
125eben
27%
228setzen
26%
187Herr
26%
310Familie
26%
418Wohnung
26%
382offen
26%
266ziehen
26%
264deshalb
26%
294Bild
26%
115zwischen
26%
258allein(e)
26%
306anders
26%
407Krieg
26%
239beginnen
25%
132einfach
25%
123heißen
25%
97damit
25%
388warten
24%
59andere, anderer, anderes
24%
278fallen
24%
237sicher
24%
222verstehen
24%
409niemand
24%
154zeigen
24%
234bekommen
24%
223fast
24%
230Grund
24%
156möglich
23%
217Seite
23%
469Musik
23%
334obwohl
23%
183genau
21%
147letzt-
21%
136einmal
21%
412schließen
21%
367Sprache
21%
163Leute
21%
427Punkt
21%
91erste, erster, erstes
21%
387meist-
21%
340Raum
21%
289sonst
21%
224wohl
20%
155führen
20%
240erzählen
20%
252Art
19%
206Million
19%
331Person
19%
247nächst-
19%
364Wert
19%
193darauf
19%
287treffen
19%
497kriegen
19%
413Weise
19%
145nennen
18%
276scheinen
18%
320schaffen
18%
484Regel
18%
135dabei
18%
284Paar; paar
18%
391besonder-
18%
354früher
17%
437danach
17%
321Sinn
17%
273Geschichte
17%
127natürlich
16%
259kaum
16%
176gerade
16%
344Platz
16%
373anfangen
16%
401Schüler
16%
161eigen
16%
180wirklich
16%
445Boden
16%
265deren
16%
455sofort
16%
471schwierig
16%
325Ziel
16%
137ihnen; Ihnen
16%
472Politik
16%
271damals
15%
397jemand
15%
165einige
15%
189Problem
15%
316rund
15%
410gewinnen
15%
158während
14%
417Stück
14%
477Beruf
14%
479ändern
14%
113sondern
14%
482wachsen
14%
319Universität / Uni
14%
315darin
14%
194bisschen, bissel
14%
191jedoch
14%
336verlieren
14%
250erklären
13%
456steigen
13%
330daher
13%
238davon
13%
89Beispiel
13%
207stark
13%
213dafür
13%
283erhalten
13%
425Meter
13%
241versuchen
13%
498Zukunft
13%
302Mark
13%
346gemeinsam
13%
432häufig
12%
342einzig
12%
457Stimme
12%
301handeln
12%
130beide
12%
290daran
12%
463nutzen
12%
389Folge
12%
453außerdem
12%
465Angst
11%
150dazu
11%
473verlassen
11%
341Blick
11%
403Text
11%
305erreichen
11%
277darüber
11%
229überhaupt
11%
96eigentlich
11%
365Gesicht
11%
449Werk
11%
446fehlen
11%
359erscheinen
11%
309eher
11%
468Kunst
11%
461Richtung
10%
269sogar
10%
202folgen
10%
263einzeln
10%
496endlich
10%
352erkennen
10%
214sowie
10%
385Moment
9%
282bekannt
9%
499planen
9%
462völlig
9%
405Ergebnis
9%
218verschieden
9%
366irgendwie
8%
438Preis
8%
384naja
8%
429ähnlich
8%
299vorstellen
8%
378nämlich
8%
421bieten
8%
178zwar
8%
149solch-
8%
242besonders
8%
360mehrere
7%
428Situation
7%
174Prozent
7%
441Funktion
7%
185gelten
7%
300Form
7%
424erinnern; sich erinnern
7%
415wahrscheinlich
7%
488geschehen
7%
328Thema
7%
396Rolle
7%
395Milliarde
7%
198denen
6%
452vergleichen
6%
491beschreiben
6%
443ziemlich
6%
485Schritt
6%
480genug
6%
254entsprechen
6%
464Programm
6%
436studieren
6%
329unterschiedlich
6%
369dadurch
6%
435ebenso
6%
166bereits
6%
275Gesellschaft
6%
338deutlich
6%
221allerdings
6%
317Aufgabe
6%
414Regierung
6%
392gewiss
6%
286Möglichkeit
6%
280gehören
6%
182weitere(-r,-s)
6%
368bilden
6%
430ergeben
5%
431dagegen
5%
444ansehen
5%
339allgemein
5%
375bisher
5%
467Information
5%
376erwarten
5%
454inzwischen
5%
459plötzlich
5%
466gering
4%
481persönlich
4%
486-jährig
4%
210bestehen
4%
493Erfahrung
4%
326gegenüber
4%
371international
4%
370direkt
4%
257Bereich
4%
422interessieren; sich interessieren
4%
447Jahrhundert
4%
268beziehungsweise (bzw.)
4%
450bedeuten
4%
226bestimmt
4%
442verbinden
4%
362zunächst
4%
363Gruppe
3%
393Interesse
3%
434anbieten
3%
483ausgehen
3%
353entwickeln
3%
291Unternehmen
3%
358aussehen
3%
478praktisch
3%
399öffentlich
3%
372sozial
2%
440Begriff
2%
492Beziehung
2%
420Gespräch
2%
495annehmen
2%
386betreffen
2%
307schließlich
2%
402Bedeutung
2%
398vergehen
1%
487Absatz
1%
343darstellen
1%
476einsetzen
1%
303Entwicklung
1%
253politisch
1%
281entstehen
1%
460Rahmen
1%
416europäisch
1%
423wesentlich
1%
439Abbildung
1%
348System
1%

Verteilung der Resultate

Perzentil nach korrekt beantworteten Fragen

Anzahl Personen mit jedem Resultat

Ihre Resultats-Entwicklung

Sie haben dieses Quiz noch nicht gespielt